Agreement and verb morphology in three varieties of English

Bibliographic Details
Published in:Studies in comparative Germanic syntax, ed. by Hubert Haider, Susan Olsen and Sten Vikner, Dordrecht [etc.], 1995, p. 159-166 (Studies in natural language and linguistic theory)
Main Author: Kayne, Richard S.
Content type: Article
Published: 1995
Source:MPIPL_cat

MARC

LEADER 00000naa a2200000 u 4500
001 PL0064574
003 PLI01000000000000000062772
005 00000000000000.0
008 ||| u
100 1 |a Kayne, Richard S. 
245 0 0 |a Agreement and verb morphology in three varieties of English  |c Richard Kayne 
260 |c 1995 
773 0 8 |t Studies in comparative Germanic syntax  |a ed. by Hubert Haider, Susan Olsen and Sten Vikner  |d Dordrecht [etc.], 1995  |g p. 159-166  |k Studies in natural language and linguistic theory  |w MPIPL_cat.PL0063202  |z 0-7923-3280-6  |i In: 
952 |j 1995  |h p. 159-166 
996 |a Aufsatz 
997 |a book chapter